Cartoon Blondes Quiz Stats

Quiz Updated Jan 6, 2016

Also try: Cartoon Redheads
Challenge
Share
Tweet
Score 0/20 Timer 04:00
1 Play Today
% Correct
Fred Jones
91.4%
Barney Rubble
87.9%
Johnny Bravo
87%
Beavis
82.6%
Smurfette
82%
He-Man
78.7%
Arnold
77.7%
Angelica Pickles
74.5%
Chris Griffin
69.2%
Elroy Jetson
64%
% Correct
Bubbles
62.7%
Butters Stotch
54.7%
Richie Rich
53.2%
Dee Dee
52.6%
Sally Brown
50.3%
Ron Stoppable
47.3%
Naruto Uzumaki
39.7%
Mandy
36.2%
Debbie Thornberry
30.3%
Baby Lola Bunny
27.5%

You're not logged in!

Compare scores with friends on all Sporcle quizzes.
Sign Up with Email
OR
Log In

You Might Also Like...

Show Comments

Extras

Top Quizzes Today


Score Distribution

Your Account Isn't Verified!

In order to create a playlist on Sporcle, you need to verify the email address you used during registration. Go to your Sporcle Settings to finish the process.